| 000 | 01369naa a22003497a 4500 | ||
|---|---|---|---|
| 001 | BR8000249 | ||
| 003 | BR-BrBNA | ||
| 005 | 20240918174539.0 | ||
| 007 | ta | ||
| 008 | 230509b bl.||||| |||| 00| 0 por d | ||
| 040 |
_aBR-BrBNA _bpor _cBiblioteca Nacional de Agricultura |
||
| 041 | _a(Pt) | ||
| 072 |
_aF25 _b0336 _b3575 |
||
| 090 | _aF25 BR8000249 | ||
| 100 | 1 | _aSilva, A.E.L. | |
| 100 | 1 | _aLiu, D. | |
| 100 | 1 | _aFiorese, I. | |
| 100 | 1 | _aPicolli, V. | |
| 111 | 1 |
_a7. Reuniao Conjunta de Pesquisa de Soja da Regiao Sul _cPorto Alegre, RS (Brazil) _d30 Jul 1979 |
|
| 245 | 1 | _aEfeitos do revestimento de sementes de soja em diferentes niveis de calagem em solos acidos [Glycine max] | |
| 246 | 1 | _a[Effects of the covering of soybean seeds in different liming levels in acid soils [Glycine max]] | |
| 246 | 1 | _a[Synthesis of the research works. Seeds production and technology] | |
| 260 | 3 |
_aPasso Fundo, RS (Brasil): _c1979. |
|
| 500 | _aSintese das pesquisas. Producao e Tecnologia de sementes Passo Fundo, RS (Brasil): 1979. p. 1-12 (BR8000249-AM)F25 | ||
| 650 | _aFertilidade do solo | ||
| 650 | _aSoja | ||
| 650 | _aSemente | ||
| 650 | _aCalagem | ||
| 773 | 0 |
_tSintese das pesquisas. Producao e Tecnologia de sementes _wF25 BR8000249 _gPasso Fundo, RS (Brasil), 1979. p. 1-12 |
|
| 909 |
_a202404 _bLucia _c55 _dLucia Elande |
||
| 942 |
_cAM _2AGRIS |
||
| 999 |
_c311915 _d311915 |
||